Sports Quiz

Random Sports or World Cup Quiz

The Guardian's Top 100 World Cup Players of All Time Quiz Stats

Quiz not verified by Sporcle

Challenge
Share
Tweet
Embed
Score 0/100 Timer 15:00
0 Plays Today
Rank Player % Correct
1Pele
97.8%
2Diego Maradona
97.2%
33Cristiano Ronaldo
97%
4Ronaldo
96.8%
5Zinedine Zidane
92.3%
8Gerd Müller
89.1%
3Franz Beckenbauer
86.7%
6Johan Cruyff
84.5%
10Michel Platini
80%
14Bobby Charlton
79.8%
11Eusébio
79.4%
23Ronaldinho
78.7%
51Lionel Messi
77.5%
15Xavi Hernandez
74.2%
27Rivaldo
73.8%
21Ferenc Puskas
73.2%
35Roberto Carlos
72.7%
22Zico
71.5%
65Andres Iniesta
70.6%
20Bobby Moore
70.2%
7Lothar Matthäus
69.7%
12Paolo Maldini
68.7%
16Romário
66.5%
24Roberto Baggio
66.1%
9Garrincha
65.9%
18Paolo Rossi
65.4%
25Cafu
63.7%
36Roger Milla
62.4%
30Lev Yashin
61.6%
44Gianluigi Buffon
61.6%
61Gheorghe Hagi
61.4%
26Fabio Cannavaro
59.6%
19Dino Zoff
59.2%
17Just Fontaine
59%
Rank Player % Correct
56Hristo Stoichkov
57.3%
47Gary Lineker
56.6%
42Oliver Kahn
56%
59Luis Figo
54.7%
31Mario Kempes
54.3%
54Geoff Hurst
50%
13Jairzinho
49.8%
41Gordon Banks
49.8%
34Carlos Alberto
47.4%
90Bebeto
46.8%
46Franco Baresi
46.3%
38Lilian Thuram
46.1%
60Marcel Desailly
45.5%
39Karl-Heinz Rummenigge
45.3%
86Alessandro Del Piero
43.3%
29Johan Neeskens
43.3%
64Carles Puyol
42.3%
32Roberto Rivelino
39.7%
95Philipp Lahm
39.3%
57Vava
36.7%
43Zbigniew Boniek
35.4%
67Grzegorz Lato
33.7%
66Paul Gascoigne
33.3%
40Giuseppe Meazza
33.1%
58Sandor Kocsis
33%
79Didi
32.8%
77Teofilla Cubillas
32.2%
84Wesley Sneijder
32.2%
37Paul Breitner
32%
45Daniel Passarella
31.6%
55Sepp Maier
31.6%
52Tostao
31.5%
50Uwe Seeler
31.1%
53Andreas Brehme
31.1%
Rank Player % Correct
78Jay-Jay Okocha
30.9%
48Djalma Santos
30.9%
49Nilton Santos
30.9%
80Gianni Rivera
27.7%
100Tomas Brolin
23.8%
72Frank de Boer
22.3%
75Leonidas
22.3%
73Ruud Krol
20.8%
63Fritz Walter
20.4%
71Helmut Rahn
19.9%
83Salvatore Schillaci
19.3%
28Mario Zagallo
17.8%
69Juan Schiaffino
17.2%
76Gheorghe Popescu
17%
99Giacinto Facchetti
16.5%
98Leonardo
15.7%
89Claudio Gentile
15.7%
70Alcides Ghiggia
15.2%
82Igor Belanov
15%
62Giuseppe Bergomi
13.9%
74Elias Figueroa
13.1%
68Obdulio Varela
12%
93Matthias Sindelar
11.8%
92Drgan Stojkovic
11%
87Luis Monti
10.1%
97Antonio Cabrini
9.6%
88Thomas N'Kono
9.6%
94Rinat Dasayev
9%
85Bellini
8.2%
96Jurgen Klinnsmann
7.3%
81Sergio Batista
5.6%
81Hector Chumpitaz
5.6%

You're not logged in!

Compare scores with friends on all Sporcle quizzes.
Join for Free
OR
Log In

You Might Also Like...

Show Comments

Extras

Top Quizzes Today


Score Distribution

Your Account Isn't Verified!

In order to create a playlist on Sporcle, you need to verify the email address you used during registration. Go to your Sporcle Settings to finish the process.

Report this User

Report this user for behavior that violates our Community Guidelines.

Details: